| 000 | 00667nam a2200241 i 4500 | ||
|---|---|---|---|
| 001 | bg | ||
| 100 | 1 | _aGŁOWACKI, Roman | |
| 245 | 0 |
_aMarketing : _bpodręcznik / _cRoman Głowacki, Zygmunt Kossut, Teodor Kramer. |
|
| 260 |
_aWarszawa : _bPaństwowe Wydaw. Naukowe, _c1984. |
||
| 300 |
_a310, [2] s. : _brys., wykr., err. ; _c24 cm. |
||
| 504 | _aBibliogr. s. 305-307. | ||
| 650 | 9 | _aMarketing | |
| 655 | _aPodręczniki | ||
| 700 | 1 | _aKOSSUT, Zygmunt | |
| 700 | 1 | _aKRAMER, Teodor | |
| 020 | _a8301053437 | ||
| 040 | _cBPK | ||
| 041 | _apol | ||
| 080 | _a339.138(07) | ||
| 920 | _a83-01-05343-7 | ||
| 942 | _cKS | ||
| 008 | s pl f |000 0 pol | ||
| 999 |
_c1194 _d1194 |
||
| 856 |
_uhttp://koha.tu.koszalin.pl/cgi-bin/koha/opac-detail.pl?biblionumber=1194 _yKatalog online BPK |
||